| 000 | 00458pab a2200181 454500 | ||
|---|---|---|---|
| 008 | 180718b2015 xxu||||| |||| 00| 0 eng d | ||
| 100 | _aPunwani, Jyoti | ||
| 245 | _aMaharashtra's beef ban | ||
| 260 | _c2015 | ||
| 300 | _ap.17-19. | ||
| 362 | _a14 Mar | ||
| 650 | _aWild animals - India - Maharashtra | ||
| 650 | _aBeef - India - Maharashtra | ||
| 650 | _aWild animals | ||
| 773 | _aEconomic and Political Weekly | ||
| 908 | _aN | ||
| 909 | _a106935 | ||
| 999 |
_c106930 _d106930 |
||